| 000 | 00454nam a22001817a 4500 | ||
|---|---|---|---|
| 003 | CEME | ||
| 005 | 20210628203026.0 | ||
| 008 | 210119b xxu||||| |||| 00| 0 eng d | ||
| 040 | _c. | ||
| 082 | _a339 BRA | ||
| 100 |
_aBranson, William H _962933 |
||
| 245 | _aMacroeconomic, theory and policy | ||
| 250 | _a2ND | ||
| 260 |
_aISLAMABAD _bNATIONAL BOOK FOUNDATION _c2007 |
||
| 300 | _aXIV,556 P | ||
| 650 |
_aMACROECONOMIC _962934 |
||
| 942 |
_cBK _2ddc |
||
| 999 |
_c571881 _d571881 |
||